| 000 | 01028pam a2200325 i 4500 | ||
|---|---|---|---|
| 001 | 1425552 | ||
| 003 | EG-ScBUE | ||
| 005 | 20251216104538.0 | ||
| 008 | 841227t1985 gw a f b 001 0 eng | ||
| 020 | _a0387139397 (U.S.) | ||
| 020 | _a3540139397 | ||
| 040 |
_aEG-ScBUE _beng _erda _cEG-ScBUE _dEG-ScBUE |
||
| 082 | 0 | 4 |
_a549.68 _222 _bGOT |
| 100 | 1 |
_aGottardi, G. _q(Glauco), _d1928- _96236 _eauthor. |
|
| 245 | 1 | 0 |
_aNatural zeolites / _cG. Gottardi, E. Galli. |
| 264 | 1 |
_aBerlin : _bSpringer-Verlag, _c[1985] |
|
| 264 | 4 | _cc1985 | |
| 300 |
_axii, 409 pages : _billustrations ; _c25 cm. |
||
| 336 |
_2rdacontent _atext _btxt |
||
| 337 |
_aunmediated _2rdamedia _bn |
||
| 338 |
_avolume _bnc _2rdacarrier |
||
| 490 | 0 |
_aMinerals and rocks ; _v18 |
|
| 500 | _aIncludes Appendices. | ||
| 500 | _aWith 218 figures. | ||
| 504 | _aIncludes bibliographical references and index. | ||
| 650 | 7 |
_aZeolites. _96238 _2BUEsh |
|
| 655 | _vReading book | ||
| 700 | 1 |
_aGalli, E. _q(Ermanno), _d1937- _96239 _eauthor. |
|
| 942 |
_2ddc _cBB |
||
| 999 |
_c11850 _d11850 |
||